000 00771nam a2200229 i 4500
001 156077
003 ES-MaACL
005 20250808001211.0
008 150430s1978 sp |||| | spa d
020 _a84-220-0718-5
100 1 _aGonzález de Cardedal, Olegario.
_958532
245 1 0 _aJesús de Nazaret
_b: aproximación a la cristología /
_cpor Olegario González de Cardedal.
250 _a2ª ed.
260 _aMadrid :
_bLa Editorial Católica,
_c1978.
300 _aXVI, 611 p. ;
_c23 cm.
490 1 _aBiblioteca de autores cristianos. Maior ;
_v9
504 _aBibliografía.
650 0 4 _aCristología.
_911443
830 0 0 _aBiblioteca de autores cristianos.
_pMaior
_v9
_9188045
852 _aES-MaACL
_jE-15590
999 _c156077
_d156077